000 01780nam a22002417i 4500
999 _c23113
_d23113
003 AR-CdUCM
008 241108b20202020 pe||||| |||| 00| 0 spa d
040 _aMUNICIPALIDAD PROVINCIAL DEL CUSCO
_cBIBLIOTECA MUNICIPAL DEL CUSCO
041 _hspa
082 _a349.853 / D81
_bD81
110 _aDirección desconcentrada de Cultura del Cusco
_950781
245 _aMarco Normativo sobre pueblos indígenas en situación de aislamiento y contacto inicial PIACI /
260 _aPerú :
_bDirección desconcentrada de Culturas de Cusco
_c2020
300 _a96 páginas. :
_c21.5 cm
505 _aLey para la protección de Pueblos Indígenas u Originarios en Situación de Aislamiento y en Situación de Contacto Inicial -- Reglamento de la Ley para la Protección de Pueblos Indígenas u Originarios en Situación de Aislamiento y en Situación de Contacto Inicial -- Protocolo de actuación ante el hallazgo, avistamiento o contacto con Pueblos Indígenas en Situación de Contacto Inicial -- Decreto Legislativo que establece el Régimen Sancionador por Incumplimiento de las Disposiciones de la Ley Nº 28736, Ley para la Protección de Pueblos Indígenas u Originarios en Situación de Aislamiento y en Situación de Contacto Inicial -- Reglamento del Decreto Legislativo Nº 1374, Decreto Legislativo que establece el Régimen Sancionador por Incumplimiento de las Disposiciones de la Ley Nº 28736, Ley para la Protección de Pueblos Indígenas u Originarios en Situación de Aislamiento y en Situación de Contacto Inicial
650 _aProtección
_931052
650 _aLeyes
_94808
650 _aPueblos Originarios
_950782
650 _aAislamiento
_950783
650 _aReconocimiento de Pueblos
_950784
942 _2ddc
_cLIBROS
945 _apbj
_d08-11-2024